000 01041nam a2200241Ia 4500
003 Ost
005 20260507075026.0
008 260507s9999||||xx |||||||||||||| ||und||
040 _cfsecg
041 _aara
082 _a330
100 _aمحمدين، جلال وفاء
_eمؤلف
245 0 _aالتأمين البحري على البضائع بوثيقة الإشتراك :
_bوثيقة التأمين العائمة /
_c جلال وفاء محمدين
260 _aالإسكندرية:
_bدار الجامعة الجديدة للنشر,
_c2002
300 _a119 صفحة؛
_bإيضاحات ؛
_c24 سم
490 _aالمكتبة القانونية
520 _aأهمية التأمين على البضائع للتجارة البحرية- مفهوم الوثيقة العائمة وطبيعتها القانونية- آثار وثيقة التأمين العائمة
653 _aالبضاعة
653 _aالتأمين البحري
653 _aالتجارة
653 _aالوثائق
942 _cكتاب
999 _c42337
_d42337